University Home | Library Home | Institutional Repository

Africana linguistica III / (Record no. 197431)

MARC details
000 -LEADER
fixed length control field 00833cam7a220021700 4500
001 - CONTROL NUMBER
control field tmp15393352
003 - CONTROL NUMBER IDENTIFIER
control field UPRA
005 - DATE AND TIME OF LATEST TRANSACTION
control field 20190830121455.0
008 - FIXED-LENGTH DATA ELEMENTS--GENERAL INFORMATION
fixed length control field 950803s1967 be fre u
035 ## - SYSTEM CONTROL NUMBER
System control number (Sirsi) r29215
035 ## - SYSTEM CONTROL NUMBER
System control number (UPRA)tmp15393352
040 ## - CATALOGING SOURCE
Transcribing agency UPRA
100 1# - MAIN ENTRY--PERSONAL NAME
Personal name Doneux, J.
Linkage A93545.1
245 10 - TITLE STATEMENT
Title Africana linguistica III /
Statement of responsibility, etc. [by] J. Doneux [and others].
260 ## - PUBLICATION, DISTRIBUTION, ETC.
Place of publication, distribution, etc. Tervuren,
Date of publication, distribution, etc. 1967.
490 1# - SERIES STATEMENT
Series statement Musee Royal de l'Afrique Centrale (Tervuren, Belgium). Annales. Ser. in-8 , Sciences humaines ;
Volume/sequential designation no. 61
650 #0 - SUBJECT ADDED ENTRY--TOPICAL TERM
Topical term or geographic name entry element Bantu languages.
Linkage S3923.1
830 #0 - SERIES ADDED ENTRY--UNIFORM TITLE
Uniform title Annalen. Reeks in-8o, Menselijke wetenschappen ;
Number of part/section of a work Annalen. Reeks in-8o, Menselijke wetenschappen ;
Name of part/section of a work Annalen. Reeks in-8o, Menselijke wetenschappen ;
Volume/sequential designation no. 61.
Linkage S14139.1
949 ## - LOCAL PROCESSING INFORMATION (OCLC)
a DT641.M8
w lcc
i -31902
m MAIN
t BOOK
l ON-SHELF

No items available.

© 2026 - The University of Zambia Library - Koha v25.11